Albums by Cover Art - Post-Punk - Statistics

General Stats
  • This quiz has been taken 148 times
  • The average score is 10 of 20
Answer Stats
Picture Answer % Correct
Joy Division - Unknown Pleasures
94%
Talking Heads - Remain in Light
94%
The Cure - Disintegration
88%
The Smiths - The Smiths
85%
U2 - War
66%
Television - Marquee Moon
63%
Nick Cave & the Bad Seeds - Tender Prey
60%
Echo & the Bunnymen - Ocean Rain
51%
XTC - Drums and Wires
49%
Siouxsie & the Banshees - Juju
43%
Gang of Four - Entertainment!
42%
Bauhaus - In the Flat Field
38%
Killing Joke - Night Time
31%
Public Image Ltd. - Metal Box
30%
Wire - 154
24%
The Chameleons - Script of the Bridge
23%
The Fall - This Nation's Saving Grace
22%
Magazine - Real Life
21%
The Sound - Jeopardy
20%
Mission of Burma - Vs.
14%
No matching quizzes found
Score Distribution
Percent of People with Each Score
Percentile by Number Answered
Your Score History
You have not taken this quiz